000 00852nam a2200229 a 4500
005 20251028063935.0
008 141006s2014 mx r 000 0 spa d
020 _a9786077675563
035 _aUPN01000200010
049 _aCG
050 4 _aLB1140.5 L3
_bV4.2
100 1 _aVernon, Sofía A.
_936170
245 1 0 _aAprender a escuchar, aprender a hablar :
_bla lengua oral en los primeros años de escolaridad /
_cSofía A. Vernon, Mónica Alvarado.
260 _aMéxico :
_bInstituto Nacional para la Evaluación de la Educación,
_c2014.
300 _a213 p. :
_bil. col., cuadros
440 0 _aMateriales para apoyar la práctica educativa
650 4 _aComunicación oral
_xEstudio y enseñanza (Preescolar)
_96705
650 4 _aLenguaje y educación
_96713
700 1 _aAlvarado, Mónica,
_ecoaut.
905 _aLibro
999 _c172111
_d172111